| 000 | 00404nam a2200157 i 4500 | ||
|---|---|---|---|
| 001 | bg | ||
| 100 | 1 | _aBIELICKA, Lucyna Anna | |
| 245 | 0 |
_aJęzyki deskryptorowe dla SINTO / _c[oprac. L.A. Bielicka, J. Tomasik-Beck]. |
|
| 260 |
_aWarszawa, _c1981. |
||
| 700 | 1 | _aTOMASIK-BECK, Joanna | |
| 040 | _cBPK | ||
| 041 | _apol | ||
| 080 | _a025.4 | ||
| 942 | _cKS | ||
| 008 | s pl f |000 0 pol | ||
| 999 |
_c21001 _d21001 |
||
| 856 |
_uhttp://koha.tu.koszalin.pl/cgi-bin/koha/opac-detail.pl?biblionumber=21001 _yKatalog online BPK |
||